000 00450nam a2200157 i 4500
001 bg
100 1 _aKĘDZIA, Józef
245 0 _aBadania elektryzacji statycznej mineralnych olejów izolacyjnych /
_cJózef Kędzia.
260 _aOpole,
_c1988.
490 1 _aStudia i Monografie,
_x0239-5991 ;
_vz.28
830 _aStudia i Monografie,
_x0239-5991 ;
040 _cBPK
041 _apol
942 _cKS
008 s pl f |000 0 pol
999 _c29592
_d29592
856 _uhttp://koha.tu.koszalin.pl/cgi-bin/koha/opac-detail.pl?biblionumber=29592
_yKatalog online BPK